LEADER 00968nam0-2200337---450- 001 990008556440403321 005 20071218075100.0 010 $a88-464-4341-1 035 $a000855644 035 $aFED01000855644 035 $a(Aleph)000855644FED01 035 $a000855644 100 $a20070928d2002----km-y0itay50------ba 101 0 $aita 102 $aIT 105 $ay-------001yy 200 1 $a<>valutazione dei servizi di orientamento$fa cura di Regina Botticelli, Domenico Paparella 210 $aMilano$cFrancoAngeli$d2002 215 $a175 p.$d23 cm 225 1 $aCesos$v5 610 0 $aOrientamento professionale 676 $a371.425$v19$zita 702 1$aBotticelli,$bRegina 702 1$aPaparella,$bDomenico 801 0$aIT$bUNINA$gRICA$2UNIMARC 901 $aBK 912 $a990008556440403321 952 $aCollez. 1398 (5)$b40077$fFSPBC 959 $aFSPBC 996 $aValutazione dei servizi di orientamento$9167981 997 $aUNINA LEADER 03607nam 2200625 a 450 001 9910781968003321 005 20230421050642.0 010 $a1-283-32798-8 010 $a9786613327987 010 $a90-272-7666-8 035 $a(CKB)2550000000061605 035 $a(EBL)799773 035 $a(OCoLC)762097251 035 $a(SSID)ssj0000992513 035 $a(PQKBManifestationID)11539725 035 $a(PQKBTitleCode)TC0000992513 035 $a(PQKBWorkID)10934361 035 $a(PQKB)11743639 035 $a(MiAaPQ)EBC799773 035 $a(Au-PeEL)EBL799773 035 $a(CaPaEBR)ebr10513312 035 $a(CaONFJC)MIL332798 035 $a(EXLCZ)992550000000061605 100 $a19940923d1994 uy 0 101 0 $aeng 135 $aur|n|---||||| 181 $ctxt 182 $cc 183 $acr 200 00$aContinuity in linguistic semantics$b[electronic resource] /$fedited by Catherine Fuchs, Bernard Victorri 210 $aAmsterdam ;$aPhiladelphia $cJohn Benjamins Pub. Co.$dc1994 215 $a1 online resource (259 p.) 225 1 $aLingvisticć investigationes. Supplementa,$x0165-7569 ;$vv. 19 300 $aDescription based upon print version of record. 311 $a90-272-3128-1 320 $aIncludes bibliographical references and index. 327 $aThe limits of continuity : discreteness in cognitive semantics / Ronald Langacker -- Continuity and modality / Antoine Culioli -- Continuum in cognition and continuum in language / Hans-Jakob Seiler -- Is there continuity in syntax? / Pierre Le Goffic -- The use of computer corpora in the textual demonstrability of gradience in linguistic categories / Geoffrey Leech, Brian Francis & Xunfeng Xu -- A "continuous definition" of polysemous items / Jacqueline Picoche -- The challenges of continuity for a linguistic approach to semantics / Catherine Fuchs -- What kind of models do we need for the simulation of understanding? / Daniel Kayser -- Continuity, cognition, and linguistics / Jean-Michel Salanskis -- Reflections on Hansjakob Seiler's continuum / Rene? Thom -- Attractor syntax / Jean Petitot -- A discrete approach based on logic simulating continuity in lexical semantics / Violaine Prince -- Coarse coding and the lexicon / Catherine L. Harris -- Continuity, polysemy, and representation : understanding the verb "cut" / David Touretzky -- The use of continuity in modelling semantic phenomena / Bernard Victorri. 330 $aUntil recently, most linguistic theories as well as theories of cognition have avoided use of the notion of continuity. At the moment, however, several linguistic trends, sharing a preoccupation with semantico-cognitive problems (e.g. cognitive grammars, 'psychomechanics', 'enunciative theories'), are trying to go beyond the constraints imposed by discrete approaches. At the same time, mathematical (e.g. differential geometry and dynamical systems) and computer science tools (e.g. connectionism) have been proposed that can be used for modelling of continuous linguistic phenomena.In this volume 410 0$aLinguisticae investigationes.$pSupplementa ;$vv. 19. 606 $aSemantics 606 $aContinuity 606 $aLinguistic models 615 0$aSemantics. 615 0$aContinuity. 615 0$aLinguistic models. 676 $a401/.43 701 $aFuchs$b Catherine$0183222 701 $aVictorri$b Bernard$0183223 801 0$bMiAaPQ 801 1$bMiAaPQ 801 2$bMiAaPQ 906 $aBOOK 912 $a9910781968003321 996 $aContinuity in linguistic semantics$93761588 997 $aUNINA LEADER 02063nam 2200457z- 450 001 9910557258903321 005 20211118 035 $a(CKB)5400000000041368 035 $a(oapen)https://directory.doabooks.org/handle/20.500.12854/73587 035 $a(oapen)doab73587 035 $a(EXLCZ)995400000000041368 100 $a20202111d2020 |y 0 101 0 $aeng 135 $aurmn|---annan 181 $ctxt$2rdacontent 182 $cc$2rdamedia 183 $acr$2rdacarrier 200 00$aEtiology, Pathogenesis, and Consequences of Maladaptive Habits 210 $cFrontiers Media SA$d2020 215 $a1 online resource (99 p.) 311 08$a2-88963-433-7 330 $aThis eBook is a collection of articles from a Frontiers Research Topic. Frontiers Research Topics are very popular trademarks of the Frontiers Journals Series: they are collections of at least ten articles, all centered on a particular subject. With their unique mix of varied contributions from Original Research to Review Articles, Frontiers Research Topics unify the most influential researchers, the latest key findings and historical advances in a hot research area! Find out more on how to host your own Frontiers Research Topic or contribute to one as an author by contacting the Frontiers Editorial Office: frontiersin.org/about/contact 606 $aPsychology$2bicssc 606 $aScience: general issues$2bicssc 610 $aaddiction 610 $ahabits 610 $aimpulse control (pathology) disorders 610 $aimpulsivity 610 $ainhibitory control abilities 615 7$aPsychology 615 7$aScience: general issues 700 $aBrevers$b Damien$4edt$01281262 702 $aFernandes Malloy-Diniz$b Leandro$4edt 702 $aTurel$b Ofir$4edt 702 $aBrevers$b Damien$4oth 702 $aFernandes Malloy-Diniz$b Leandro$4oth 702 $aTurel$b Ofir$4oth 906 $aBOOK 912 $a9910557258903321 996 $aEtiology, Pathogenesis, and Consequences of Maladaptive Habits$93018437 997 $aUNINA